| 000 | 00380nam a2200121 a 4500 | ||
|---|---|---|---|
| 005 | 20140412111313.0 | ||
| 008 | 001109s19uu xx 00 eng d | ||
| 050 |
_aM 241 _bB582 1996 |
||
| 245 |
_aBible words about love for children / _cretold by Lois Rock ; illustrated by Claire Henley. |
||
| 260 |
_aOxford, Eng : _bLion Pub, _c1996. |
||
| 300 | _a[21] p. ; ill. | ||
| 999 |
_c104129 _d104129 |
||